| 000 | 01566nam2a22002291 4500 | ||
|---|---|---|---|
| 001 | rc\960838 | ||
| 005 | 20250622103921.0 | ||
| 035 | _a(NLR Aleph) 006244843 | ||
| 090 |
_a6699465 _c6699465 |
||
| 100 | _a20041129d1989 |||y0rusy50 ca | ||
| 101 | 0 | _arus | |
| 102 | _aRU | ||
| 105 | _ay ||||||||| | ||
| 200 | 1 |
_aСметные нормы и правила, гл. 14 _eПравила разработки и применения укрупненных сметных норм и расценок _eСНиП IV-14-84, сб. № 2-1: Земляные работы, сб. № 2-2: Фундаменты, сб. № 2-4: Подвесные потолки, сб. № 2-5: Кровли, сб. № 2-9: Отделочные работы, сб. № 2-10: Лестницы _eУтв. Гос. строит. ком. СССР 15.09.87 _e[Срок введ. 01.01.88] |
|
| 210 |
_d1989 _aБ. м. |
||
| 215 | _a348, [1] с. | ||
| 461 | 0 |
_1001rc\960837 _12001#$aСтроительные нормы и правила$eПриложение$eСб. укрупн. смет. норм и расценок$eКонструкции и виды работ жил.-гражд. стр-ва$vЧ. 4 _96699461 _cМ. _d1989 _eОфиц. изд. _nСтройиздат _oПриложение : Сб. укрупн. смет. норм и расценок : Конструкции и виды работ жил.-гражд. стр-ва _tСтроительные нормы и правила _vЧ. 4 |
|
| 801 | 0 |
_aRU _bNLR _gpsbo |
|
| 801 | 1 |
_aRU _bELAR _2rusmarc |
|
| 852 |
_aNLR _bПт _j80/440 |
||
| 942 | _cBOOK | ||
| 980 | _aNB | ||